Flags of Countries in Euro 2024 - Statistics

General Stats
  • This quiz has been taken 273 times
    212 since last reset
  • The average score is 23 of 24
Answer Stats
Picture Answer % Correct
France
100%
Belgium
99%
Germany
99%
Portugal
98%
Turkey
98%
Italy
97%
Spain
97%
Switzerland
97%
Denmark
96%
Netherlands
96%
Albania
95%
Austria
95%
Poland
95%
Scotland
95%
Ukraine
95%
Romania
94%
Czech Republic
93%
England
93%
Georgia
93%
Hungary
93%
Serbia
92%
Slovakia
92%
Croatia
91%
Slovenia
90%
No matching quizzes found
Score Distribution
Percent of People with Each Score
Percentile by Number Answered
Your Score History
You have not taken this quiz since the last reset